|
|
|
|
| LEADER |
00000cas a2200000 a 4500 |
| 001 |
vtls001344643 |
| 003 |
SK-MaSNL |
| 005 |
20260228160100.0 |
| 008 |
170907d19711984xo zr|p 0 0b0slo |
| 035 |
|
|
|a SNK000297838
|
| 040 |
|
|
|a SNK
|b slo
|c SNK
|e AACR2
|
| 041 |
|
|
|a slo
|
| 043 |
|
|
|a e-xo---
|
| 044 |
|
|
|a xo
|c SK
|
| 072 |
|
7 |
|a 352/354
|x Stupne miestnej, oblastnej a ústrednej správy
|2 konspekt
|
| 080 |
|
|
|a 050
|2 2001
|
| 080 |
|
|
|a (051)+(054)(437.6)
|2 2011
|
| 080 |
|
|
|a 352/353
|2 2001
|
| 080 |
|
|
|a (437.6)
|2 2011
|
| 245 |
0 |
0 |
|a Spravodaj mesta Dolný Kubín
|
| 260 |
|
|
|a Dolný Kubín
|b Mestský výbor KSS a Mestský národný výbor
|c 1971-1984
|
| 300 |
|
|
|a 14 zv.
|c 30 - 42 cm
|
| 310 |
|
|
|a Nepravidelne
|
| 362 |
|
|
|a 1971- roč. 11, č. 22 (1984)
|
| 650 |
0 |
7 |
|a kultúrny život
|2 SNKPH
|9 3182
|
| 650 |
0 |
7 |
|a spoločenský život
|2 SNKPH
|9 28654
|
| 651 |
|
7 |
|a Dolný Kubín (Slovensko)
|2 SNKPH
|9 168992
|
| 655 |
|
7 |
|a regionálne periodiká
|2 SNKPH
|9 131775
|
| 655 |
|
7 |
|a miestne periodiká
|2 SNKPH
|9 160938
|
| 785 |
0 |
0 |
|t Dolný Kubín
|w vtls011633637
|
| 910 |
|
|
|a snk
|
| 916 |
|
|
|a 1971, 1983-1984
|
| 958 |
|
|
|a OND
|
| 999 |
|
|
|c 1341
|d 3271
|
| 952 |
|
|
|0 0
|1 0
|4 0
|7 0
|a SNK
|b SNK
|d 2008-02-15
|i snkČSP 464/84
|l 0
|o snkČSB 3034/10/1983 D1
|p 17A0572798
|r 2026-02-21 20:39:06
|t č. 1-38
|w 2026-02-21
|y PREZ
|
| 952 |
|
|
|0 0
|1 0
|4 0
|7 0
|a SNK
|b SNK
|d 1998-10-08
|f 1
|i snkČSP 1270/81
|l 0
|o snkČSB 3034/1971
|p 17A0164937
|r 2005-01-02 00:00:00
|t č. 3 + mim. č.
|w 2026-02-21
|y PREZ
|
| 952 |
|
|
|0 0
|1 0
|4 0
|7 0
|a SNK
|b SNK
|d 1999-11-17
|f 1
|i snkČSP 463/84
|l 0
|o snkČSB 3034/10/1983
|p 17A0218336
|r 2005-01-02 00:00:00
|t č. 1-38
|w 2026-02-21
|y PREZ
|
| 952 |
|
|
|0 0
|1 0
|4 0
|7 0
|a SNK
|b SNK
|d 1999-11-17
|f 1
|i snkČSP 337/85
|l 0
|o snkČSB 3034/11/1984/1
|p 17A0218139
|r 2005-01-02 00:00:00
|t č. 1-22
|w 2026-02-21
|y PREZ
|z Zv. zviazaný so zv. ČSB 3034/11/1984/2
|
| 952 |
|
|
|0 0
|1 0
|4 0
|7 0
|a SNK
|b SNK
|d 2017-06-05
|i snkČSP 338/85
|l 0
|o snkČSB 3034/11/1984/1 D1
|p 17A1207021
|r 2026-02-21 22:17:54
|t č. 1-22
|w 2026-02-21
|y PREZ
|z Zv. zviazaný so zv. ČSB 3034/11/1984/2 D1
|
| 952 |
|
|
|0 0
|1 0
|4 0
|7 0
|a SNK
|b SNK
|d 2017-06-06
|i snkČSP 1271/81
|l 0
|o snkČSB 3034/1971 D1
|p 17A1207033
|r 2026-02-21 22:18:09
|t č. 3 + mim. č.
|w 2026-02-21
|y PREZ
|